Szczegóły MARC21

Sovremennyj russkij âzyk. [Č. 3], Sintaksis, punktuaciâ, stilistika /

003 -Nazwa inst., której nr kontr. jest w polu 001 [,]
    • @
    • Nazwa instytucji, której n kontrolny jest w polu 001
    • NUKAT
005 -DATA I CZAS OSTATNIEJ MODYFIKACJI [,]
    • @
    • pole kontrolne
    • 20241231112847.0
020 -Międzynarod. znormalizowany nr książki - ISBN [ , ]
    • a
    • Numer ISBN
    • 985647003X Find
    • q
    • Dopowiedzenie
    • č. 3
020 -Międzynarod. znormalizowany nr książki - ISBN [ , ]
    • a
    • Numer ISBN
    • 9856470048 Find
    • q
    • Dopowiedzenie
    • obŝ.
040 -Instytucja sporządzająca opis [ , ]
    • a
    • Instytucja, która sporządziła opis (NP)
    • GD U/as
    • c
    • Instytucja, która sporządziła rekord (NP)
    • GD U/as
    • d
    • Instytucja, która zmodyfikowała rekord (P)
    • GD U/as
    • d
    • Instytucja, która zmodyfikowała rekord (P)
    • GD U/ISSs
942 -Rodzaj dokumentu [ , ]
    • c
    • Rodzaj dokumentu
    • Książka
245 -Strefa tytułu i oznaczenia odpowiedzialności [0,0]
    • a
    • Tytuł
    • Sovremennyj russkij âzyk. Find
    • n
    • Oznaczenie części (P)
    • [Č. 3],
    • p
    • Nazwa części (P)
    • Sintaksis, punktuaciâ, stilistika /
    • c
    • Pozostałe elementy strefy tytułu i oznaczenia odpowiedzialności (NP)
    • [pod red. P. P. Šuby].
260 -Strefa adresu wydawniczego [ , ]
    • a
    • Miejsce wydania (P)
    • Minsk :
    • b
    • Nazwa wydawcy (P)
    • Plopress,
    • c
    • Data wydania (P)
    • 1998.
300 -Strefa opisu fizycznego [ , ]
    • a
    • Określenie formy książki i/lub objętość (NP)
    • 566, [8] s. ;
    • c
    • Format (NP)
    • 21 cm.
336 -Typ zawartości [ , ]
    • a
    • Termin opisujący typ zawartości
    • Tekst
    • b
    • Kod określający zawartość
    • txt
    • 2
    • Źródło (terminu i kodu)
    • rdacontent
337 -Typ mediów [ , ]
    • a
    • Tryb odtwarzania
    • Bez urządzenia pośredniczącego
    • b
    • Kod typu mediów
    • n
    • 2
    • Źródło (terminu i kodu)
    • rdamedia
338 -Typ/rodzaj nośnika [ , ]
    • a
    • Hasło opisujące typ nośnika
    • Wolumin
    • b
    • Kod typu nośnika
    • nc
    • 2
    • Źródło (terminu i kodu)
    • rdacarrier
504 -Uwaga dot. bibliogr. załącznikowej [ , ]
    • a
    • Uwaga dot. bibliografii załącznikowej
    • Bibliogr. s. 546-[567].
080 -Uniwersalna Klasyfikacja Dziesiętna [ , ]
    • 2
    • Identyfikator wydania tablic
    • UDC-P058
    • a
    • Symbol klasyfikacji
    • 811.161.1'06
    • b
    • Dopowiedzenie
    • Język rosyjski. - Okres nowożytny, współczesny.
    • x
    • Poddział wspólny
    • (075.8)
    • b
    • Dopowiedzenie
    • (Podręczniki dla szkół wyższych. Skrypty).
    • x
    • Poddział wspólny
    • =161.1
    • b
    • Dopowiedzenie
    • =Język rosyjski.
080 -Uniwersalna Klasyfikacja Dziesiętna [ , ]
    • 2
    • Identyfikator wydania tablic
    • UDC-P058
    • a
    • Symbol klasyfikacji
    • 811.161.1'367
    • b
    • Dopowiedzenie
    • Język rosyjski. - Składnia. Syntaktyka. Zdania.
    • x
    • Poddział wspólny
    • (075.8)
    • b
    • Dopowiedzenie
    • (Podręczniki dla szkół wyższych. Skrypty).
    • x
    • Poddział wspólny
    • =161.1
    • b
    • Dopowiedzenie
    • =Język rosyjski.
080 -Uniwersalna Klasyfikacja Dziesiętna [ , ]
    • 2
    • Identyfikator wydania tablic
    • UDC-P058
    • a
    • Symbol klasyfikacji
    • 811.161.1'35
    • b
    • Dopowiedzenie
    • Język rosyjski. - Grafemika. Ortografia. Sylabizowanie. Interpunkcja. Pisownia.
    • x
    • Poddział wspólny
    • (075.8)
    • b
    • Dopowiedzenie
    • (Podręczniki dla szkół wyższych. Skrypty).
    • x
    • Poddział wspólny
    • =161.1
    • b
    • Dopowiedzenie
    • =Język rosyjski.
080 -Uniwersalna Klasyfikacja Dziesiętna [ , ]
    • 2
    • Identyfikator wydania tablic
    • UDC-P058
    • a
    • Symbol klasyfikacji
    • 811.161.1'38
    • b
    • Dopowiedzenie
    • Język rosyjski. - Stylistyka.
    • x
    • Poddział wspólny
    • (075.8)
    • b
    • Dopowiedzenie
    • (Podręczniki dla szkół wyższych. Skrypty).
    • x
    • Poddział wspólny
    • =161.1
    • b
    • Dopowiedzenie
    • =Język rosyjski.
650 -Hasło przedmiotowe [ ,7]
    • a
    • Hasło przedmiotowe
    • Język rosyjski
    • x
    • Określnik rzeczowy
    • składnia.
    • 2
    • Źródło terminu
    • kaba
    • 9
    • KHW
    • 354243
650 -Hasło przedmiotowe [ ,7]
    • a
    • Hasło przedmiotowe
    • Język rosyjski
    • x
    • Określnik rzeczowy
    • interpunkcja.
    • 2
    • Źródło terminu
    • kaba
    • 9
    • KHW
    • 476347
650 -Hasło przedmiotowe [ ,7]
    • a
    • Hasło przedmiotowe
    • Język rosyjski
    • x
    • Określnik rzeczowy
    • stylistyka.
    • 2
    • Źródło terminu
    • kaba
    • 9
    • KHW
    • 371259
980 -Symbol UKD [ , ]
    • a
    • UKD
    • 811.161.1'06'367'35'38(075.8)
700 -Hasło dodatkowe - nazwa osobowa [1, ]
    • a
    • Nazwa osobowa (NP)
    • Šuba, Pavel Paŭlavìč Find
    • d
    • Daty biograficzne (NP)
    • (1926-2000).
    • e
    • Określenie rodzaju współpracy
    • Red.
    • 9
    • KHW
    • 611799
920 -ISBN [ , ]
    • a
    • ISBN
    • 985-6470-03-X Find
    • q
    • Dopowiedzenie
    • č. 3
920 -ISBN [ , ]
    • a
    • ISBN
    • 985-6470-04-8 Find
    • q
    • Dopowiedzenie
    • obŝ.
Status udost. Numer inwentarzowy Sygnatura Lokalizacja Data inwentaryzacji
1P.21530ROS. Językoznawstwo 05BM2009-03-02